00413pab a2200145 454500008004000000100001900040245005700059260000900116300001400125362001200139650003100151650003100182650001400213773004000227180718b2008 xxu||||| |||| 00| 0 eng d aAshutosh Kumar aPanchayat elections 2008 in Punjab: what went wrong? c2008 ap.865-68. aOct-Dec aElections - India - Punjab aPanchayat - India - Punjab aPanchayat aIndian Journal of Political Science